000
00288nam a22001217a 4500
020
_a
978-81-207-6321-0
082
_a
823
_b
STE/S
100
_a
STERLING PUBLISHERS
245
_a
I LIKE TO READ A SUMMER HOLIDAY
260
_a
LONDON
_b
LADYBIRD
650
_a
ENGLISH STORY
_z
LONDON
942
_c
BK
999
_c
1849
_d
1849